000 00521nam a22002057a 4500
003 URS
005 20250828100456.0
008 250325b ||||| |||| 00| 0 eng d
040 _cURS
050 _aT58.6
_b.M32 1986
100 1 _aMcLeod, Raymond
_97744
245 _aManagement information system
264 _c©1986
300 _axvii,897 pages ;
336 _2rdacontent
_atext
337 _2rdamedia
_aunmediated
338 _2rdacarrier
_avolume
650 _aManagement information systems
942 _cR
_2lcc
999 _c84753
_d84751